| 000 | 00709nam a2200241 i 4500 | ||
|---|---|---|---|
| 001 | C2-0267342 | ||
| 003 | PPAK | ||
| 005 | 20180727234559.0 | ||
| 008 | 050914s2005 nyua|||| ||||| | eng d | ||
| 020 | _a0141017643 | ||
| 040 |
_aPPAK _beng _cPPAK _erda |
||
| 082 | 0 | 4 |
_a940.5486470922 _223 |
| 090 | 0 | 0 |
_a940.5486470922 _bBEE _dG |
| 100 | 1 |
_aBeevor, Antony, _eauthor |
|
| 245 | 1 | 4 | _aThe mystery of Olga Chekhova |
| 264 | 1 |
_aNew York : _bPenguin Books , _c2005 |
|
| 300 |
_axvi, 300 pages : _billustrations ; _c20 cm |
||
| 336 |
_2rdacontent _atext |
||
| 337 |
_2rdamedia _aunmediated |
||
| 338 |
_2rdacarrier _avolume |
||
| 650 | 1 | 0 | _aWorld War, 1939-1945 - Secret service - Soviet Union. |
| 942 |
_ddc _cB |
||
| 999 |
_c76331 _d76331 |
||